Fisica 2: (Registro nro. 29134)
[ vista simple ]
| 000 -LÍDER | |
|---|---|
| fixed length control field | 00577nam a22002177a 4500 |
| 003 - IDENTIFICADOR DEL NÚMERO DE CONTROL | |
| control field | ITZ |
| 005 - FECHA Y HORA DE LA ULTIMA TRANSACCIÓN | |
| Campo de control | 20240909180647.0 |
| 008 - ELEMENTOS DE LONGITUD FIJA -- INFORMACIÓN GENERAL | |
| fixed length control field | 230918b |||||||| |||| 00| 0 spa d |
| 020 ## - NÚMERO INTERNACIONAL NORMALIZADO PARA LIBROS | |
| ISBN | 978-607-526-670-1 |
| 035 ## - Número de ficha (Janium) | |
| Número de ficha (Janium) | 17517 |
| 041 ## - CÓDIGO DE IDIOMA | |
| Código de idioma para texto/pista de sonido o título separado | spa |
| 050 ## - SIGNATURA TOPOGRAFICA DE LA BIBLIOTECA DEL CONGRESO (LC) | |
| Número de Clasificación | OC023 |
| Cutter | S4718 2018 v.2 |
| 082 ## - NUMERO DE CLASIFICACION DECIMAL DEWEY | |
| Número de Clasificación | 530.141 |
| Cutter | S767f 2018 V.2 |
| 100 1# - ASIENTO PRINCIPAL--NOMBRE PERSONAL | |
| Nombre personal | Serway, Raymond A. |
| 245 ## - TÍTULO | |
| Título | Fisica 2: |
| Parte restante del título | Para ciencias e ingeniería |
| Mención de responsabilidad, etc. | Raymond A. serway |
| 250 ## - MENCIÓN DE EDICIÓN | |
| Mención de edición | 10 |
| 260 ## - PUBLICACIÓN, DISTRIBUCIÓN, ETC. (PIE DE IMPRENTA) | |
| Lugar de publicación, distribución, etc. | México |
| Nombre del editor, distribuidor, etc. | Cengage Learnign |
| Fecha de publicación, distribución, etc. | 2018 |
| 300 ## - DESCRIPCIÓN FÍSICA | |
| Extensión | parg. varia., il. / |
| Dimensiones | 27 cm. |
| 650 ## - ASIENTO SECUNDARIO DE MATERIA - TERMINO TEMÁTICO | |
| Término temático o nombre geográfico como elemento de entrada | 1. FISICA |
| 942 ## - TIPO DE MATERIAL (KOHA) | |
| Koha item type | Libros |
| No. biblioteca | No. biblioteca | Número de clasificación | Código de barras/Número de adquisición | Número de copia | Tipo de material | Otras carreras |
|---|---|---|---|---|---|---|
| ÁREA DE ELECTROMECÁNICA | LUIS G. INCLAN | 530.141 S767f 2018 V.2 | 54123 | 2 | Libros | LUIS G. INCLAN |
| ÁREA DE ELECTROMECÁNICA | ÁREA DE CIVIL | 530.141 S767f 2018 V.2 | 54122 | 1 | Libros | LUIS G. INCLAN |
| ÁREA DE ELECTROMECÁNICA | ÁREA DE CIVIL | 530.141 S767f 2018 V.2 | 54124 | 3 | Libros | LUIS G. INCLAN |
| ÁREA DE ELECTROMECÁNICA | ÁREA DE CIVIL | 530.141 S767f 2018 V.2 | 54125 | 4 | Libros | LUIS G. INCLAN |
